<?xml version="1.0" encoding="UTF-8"?><marc:collection xmlns:marc="http://www.loc.gov/MARC21/slim">
  <marc:record>
    <marc:leader>00000nam  2200000za 4500</marc:leader>
    <marc:controlfield tag="001">9.691757</marc:controlfield>
    <marc:controlfield tag="003">CaOODSP</marc:controlfield>
    <marc:controlfield tag="005">20221107134457</marc:controlfield>
    <marc:controlfield tag="007">cr |||||||||||</marc:controlfield>
    <marc:controlfield tag="008">150407s1956    oncab  #ob   f001 0 eng d</marc:controlfield>
    <marc:datafield tag="040" ind1=" " ind2=" ">
      <marc:subfield code="a">CaOODSP</marc:subfield>
      <marc:subfield code="b">eng</marc:subfield>
    </marc:datafield>
    <marc:datafield tag="043" ind1=" " ind2=" ">
      <marc:subfield code="a">n-cn---</marc:subfield>
    </marc:datafield>
    <marc:datafield tag="086" ind1="1" ind2=" ">
      <marc:subfield code="a">D2-501E-PDF</marc:subfield>
    </marc:datafield>
    <marc:datafield tag="100" ind1="1" ind2=" ">
      <marc:subfield code="a">Stacey, C. P.</marc:subfield>
      <marc:subfield code="q">(Charles Perry),</marc:subfield>
      <marc:subfield code="d">1906-1989.</marc:subfield>
    </marc:datafield>
    <marc:datafield tag="245" ind1="1" ind2="0">
      <marc:subfield code="a">Official history of the Canadian Army in the Second World War. </marc:subfield>
      <marc:subfield code="n">Volume I, </marc:subfield>
      <marc:subfield code="p">Six years of war </marc:subfield>
      <marc:subfield code="h">[electronic resource] : </marc:subfield>
      <marc:subfield code="b">the army in Canada, Britain and the Pacific / </marc:subfield>
      <marc:subfield code="c">by C.P. Stacey. </marc:subfield>
    </marc:datafield>
    <marc:datafield tag="246" ind1="3" ind2="0">
      <marc:subfield code="a">Six years of war : </marc:subfield>
      <marc:subfield code="b">the army in Canada, Britain and the Pacific</marc:subfield>
    </marc:datafield>
    <marc:datafield tag="260" ind1=" " ind2=" ">
      <marc:subfield code="a">[Ottawa : </marc:subfield>
      <marc:subfield code="b">Dept. of National Defence, Directorate of History and Heritage], </marc:subfield>
      <marc:subfield code="c">1956, digitized 2008?</marc:subfield>
    </marc:datafield>
    <marc:datafield tag="300" ind1=" " ind2=" ">
      <marc:subfield code="a">xiii, 629 p. : </marc:subfield>
      <marc:subfield code="b">ill. (some coloured), maps (some coloured)</marc:subfield>
    </marc:datafield>
    <marc:datafield tag="500" ind1=" " ind2=" ">
      <marc:subfield code="a">For volume II, please see D2-502E-PDF. For volume III, please see D2-503E-PDF.</marc:subfield>
    </marc:datafield>
    <marc:datafield tag="500" ind1=" " ind2=" ">
      <marc:subfield code="a">Issued also in French under title: Histoire officielle de la participation de l'Armée canadienne à la Seconde Guerre mondiale. Volume I, Six années de guerre.</marc:subfield>
    </marc:datafield>
    <marc:datafield tag="504" ind1=" " ind2=" ">
      <marc:subfield code="a">Includes bibliographical references and index.</marc:subfield>
    </marc:datafield>
    <marc:datafield tag="504" ind1=" " ind2=" ">
      <marc:subfield code="a">"This is the first volume of the Official History of the Canadian Army in the Second World War. The second, dealing with the campaign in Italy, will appear very shortly. The third, dealing with the campaign in NorthWest Europe, is in preparation. A subsequent volume will deal with Canadian military policy in the broad sense. This history is more detailed, and based on more thorough research, than was possible in the case of the single-volume Official Historical Summary, The Canadian Army 1939-1945, which was published in 1948. The present volume is concerned with a variety of subjects. It deals in outline with military events in Canada throughout the war; in somewhat greater detail with the history of the Army in the United Kingdom, including the raiding operations based on that country; and with the Army's part in the war against Japan"--Preface.</marc:subfield>
    </marc:datafield>
    <marc:datafield tag="590" ind1=" " ind2=" ">
      <marc:subfield code="a">09-05</marc:subfield>
      <marc:subfield code="b">2009-01-30</marc:subfield>
    </marc:datafield>
    <marc:datafield tag="690" ind1="0" ind2="7">
      <marc:subfield code="a">Armed forces</marc:subfield>
      <marc:subfield code="2">gcpds</marc:subfield>
    </marc:datafield>
    <marc:datafield tag="690" ind1="0" ind2="7">
      <marc:subfield code="a">Military history</marc:subfield>
      <marc:subfield code="2">gcpds</marc:subfield>
    </marc:datafield>
    <marc:datafield tag="690" ind1="0" ind2="7">
      <marc:subfield code="a">World war, 1939-1945</marc:subfield>
      <marc:subfield code="2">gcpds</marc:subfield>
    </marc:datafield>
    <marc:datafield tag="710" ind1="1" ind2=" ">
      <marc:subfield code="a">Canada. </marc:subfield>
      <marc:subfield code="b">Department of National Defence. </marc:subfield>
      <marc:subfield code="b">Directorate of History and Heritage.</marc:subfield>
    </marc:datafield>
    <marc:datafield tag="775" ind1="0" ind2="8">
      <marc:subfield code="t">Histoire officielle de la participation de l'Armée canadienne à la Seconde Guerre Mondiale. </marc:subfield>
      <marc:subfield code="w">(CaOODSP)9.636071</marc:subfield>
    </marc:datafield>
    <marc:datafield tag="856" ind1="4" ind2="0">
      <marc:subfield code="a">http://publications.gc.ca</marc:subfield>
      <marc:subfield code="q">PDF</marc:subfield>
      <marc:subfield code="s">22874 KB</marc:subfield>
      <marc:subfield code="u">https://publications.gc.ca/collections/collection_2009/forces/D2-501E.pdf</marc:subfield>
    </marc:datafield>
  </marc:record>
</marc:collection>
